|
|
|
|
| LEADER |
00000nam2a2200000 4500 |
| 001 |
30874 |
| 005 |
20231030204159.0 |
| 010 |
|
|
|a 9856577330
|
| 035 |
|
|
|a (RuTPU)RU\TPU\book\31149
|
| 035 |
|
|
|a BOOK00031226
|
| 090 |
|
|
|a 30874
|
| 100 |
|
|
|a 20011209d2001 m y0rusy50 ca
|
| 101 |
0 |
|
|a rus
|
| 102 |
|
|
|a BY
|
| 105 |
|
|
|a y j 000zy
|
| 200 |
0 |
|
|a Т. 2
|
| 210 |
|
|
|a Минск
|c ТетраСистемс
|d 2001
|
| 215 |
|
|
|a 448 с.
|
| 451 |
|
1 |
|0 (RuTPU)RU\TPU\book\114772
|y 985-470-218-9
|t Т. 2
|d 2004
|d 1998
|p 448 с.
|
| 451 |
|
1 |
|0 (RuTPU)RU\TPU\book\10854
|y 9856317622
|t Т.2
|p 448 с.
|
| 461 |
|
1 |
|0 (RuTPU)RU\TPU\book\31179
|t Высшая математика
|o Учебник для вузов в 2-х томах
|f А. А. Гусак
|v Т. 2
|e 3-е изд., стер.
|d 2001-
|
| 610 |
1 |
|
|a математика высшая
|
| 610 |
1 |
|
|a аналитическая геометрия
|
| 610 |
1 |
|
|a дифференциальное исчисление
|
| 610 |
1 |
|
|a интегральное исчисление
|
| 610 |
1 |
|
|a функции одной переменной
|
| 610 |
1 |
|
|a учебные пособия
|
| 675 |
|
|
|a 51(075.8)
|v 3
|
| 801 |
|
0 |
|a BY
|b 63413507
|c 20011209
|g PSBO
|
| 801 |
|
2 |
|a RU
|b 63413507
|c 20130611
|g PSBO
|
| 942 |
|
|
|c BK
|